000 00491nam a2200169 4500
001 132801
003 ES-MaACL
005 20230906194243.0
007 t|
008 070214s1975 sp r ||||1| spa d
100 1 _aRosal, Amaro del.
_999632
245 1 4 _aLos congresos obreros internacionales en el siglo XIX /
_cAmaro del Rosal.
250 _a3ª ed.
260 _aBarcelona [etc.] :
_bGrijalbo,
_c1975.
300 _a461 p., 3 lám. ;
_c22 cm.
852 _aES-MaACL
_jA-8418
_bR.97686
999 _c132801
_d132801